000 00251nam a2200097Ia 4500
008 240331s9999 xx 000 0 und d
082 _a303.4
_bSHA
100 _aShanmulingan, N
245 0 _aMaruppukkalum maatrangalum :
_btraditions and change
942 _cL
999 _c1226
_d1226